Don Jorge Edwards
Kaydedildi:
| Yazar: | |
|---|---|
| Materyal Türü: | Kitap |
| Dil: | İspanyolca |
| Baskı/Yayın Bilgisi: |
Santiago
Imprenta Santiago
1934
|
| Edisyon: | 1a. ed |
| Konular: | |
| Etiketler: |
Etiketle
Etiket eklenmemiş, İlk siz ekleyin!
|
MARC
| LEADER | 00000nam a2200000 a 4500 | ||
|---|---|---|---|
| 001 | UCJ4182 | ||
| 003 | CL-VaPUC | ||
| 008 | 070124e19340000CL |||||||||||||||||spa|d | ||
| 082 | 0 | 4 | |a 926 |b EDW |2 21 |
| 100 | |a Munizaga, Miguel |e autor |9 507319 | ||
| 245 | 1 | 0 | |a Don Jorge Edwards |
| 250 | |a 1a. ed | ||
| 300 | |a pág. irreg | ||
| 942 | |c BK | ||
| 945 | |d 20070124 00:00:00 |a rinostro | ||
| 260 | |a Santiago |b Imprenta Santiago |c 1934 | ||
| 500 | |a Retrato de Dn. Jorge Edwards Brown y relación de las distintas ramas genealógicas de su descendencia en Chile | ||
| 600 | 0 | 7 | |a EDWARDS BROWN, JORGE |2 CL-VaPUC |9 507320 |
| 600 | 0 | 7 | |a OSSANDON IRIBARREN, ISABEL |2 CL-VaPUC |9 507321 |
| 650 | 0 | |a Biografías |9 255210 | |
| 650 | 0 | |a Genealogía |9 255285 | |
| 650 | 7 | |a INGLESES |2 CL-VaPUC |9 507322 | |
| 650 | 0 | |a Iconografía |9 267998 | |
| 999 | |c 320299 |d 320297 | ||
| 583 | |k Rodrigo Vera | ||
| 952 | |0 0 |1 0 |4 0 |6 926_000000000000000_EDW_1934 |7 0 |8 X |9 398793 |a FDOBUD |b FDOBUD |d 2019-11-22 |i 1014935 |o 926 EDW 1934 |p 1014935 |r 2019-11-22 |w 2019-11-22 |y BK_X |k BUD | ||